000 00390nam a2200145Ia 4500
008 231129s2010||||xx |||||||||||||| ||spa||
020 _a978-958-30-3426-8
040 _bspa
082 _aR 574.52636 H997ó
100 _aHynes Margaret
245 0 _aOcéanos y mares
260 _c2010
264 _aBogotá Colombia : Panamericana
942 _2ddc
_cBKS
999 _c22039
_d22039